O leão da noite estrelada / (Record no. 478)

MARC details
000 -LÍDER
campo de controle de tamanho fixo 02135nam a22003014a 4500
001 - NÚMERO DE CONTROLE
campo de controle 478
003 - IDENTIFICADOR DO NÚMERO DE CONTROLE
campo de controle OSt
005 - DATA E HORÁRIO DA ÚLTIMA TRANSAÇÃO
campo de controle 20250902144144.0
008 - CAMPO DE DADOS FIXOS--INFORMAÇÃO GERAL
campo de controle de tamanho fixo 250902b |||||||| |||| 00| 0 eng d
020 ## - ISBN - INTERNATIONAL STANDARD BOOK NUMBER
ISBN - International Standard Book Number 8502015257
040 ## - FONTE DA CATALOGAÇÃO
Idioma da catalogação por
041 ## - CÓDIGO DE IDIOMA
Código do idioma do original e/ou traduções intermediárias do texto por
082 04 - CDD - CLASSIFICAÇÃO DECIMAL DE DEWEY
Número de Classificação 028.5
Número do exemplar A994l
100 1# - ENTRADA PRINCIPAL--NOME PESSOAL
Nome pessoal Azevedo, Ricardo,
Datas associadas ao nome 1949-
9 (RLIN) 1030
245 12 - TÍTULO
Título O leão da noite estrelada /
Indicação de responsabilidade, etc. Ricardo Azevedo
250 ## - EDIÇÃO
Declaração de edição 3. ed.
260 ## - PUBLICAÇÃO, DISTRIBUIÇÃO, ETC.
Local de publicação, distribuição, etc. São Paulo
Nome do editor, distribuidor, etc. Saraiva,
Data da publicação, distribuição, etc. 1997.
300 ## - DESCRIÇÃO FÍSICA
Extensão 62p.
Outros detalhes físicos il.
520 ## - NOTA DE RESUMO, ETC.
Resumo, etc. Nessa história acompanhamos as aventura de um leão muito especial: nascido na floresta, logo passou a ser amado e respeitado por todos os animais, quando aprisionado por caçadores sobreviveu às dificuldades da vida no circo e depois, no zoológico. Após escapar do cativeiro, seguindo seu instinto, embrenhando-se por muitos caminhos, consegue encontrar a selva, onde conhece outras espécies. Alertado pelos bichos de que a natureza e seus habitantes estariam com os dias contados se não fosse tomada uma atitude, o leão tenta esquivar-se da responsabilidade a ele atribuída. No entanto, volta atrás e propõe um plano, logo aceito por todos: os animais fariam uma “invasão amistosa” ao mundo civilizado com o objetivo de alertar os homens sobre os perigos do desequilíbrio ambiental. Sem apresentar um final definitivo, o narrador nos conta que uns dizem que o leão acabou sendo morto por caçadores, outros garantem que ele voltou para sua terra natal e outros, ainda, afirmam que ele “embrenhou-se na floresta imensa e foi viver com a onça-pintada um apaixonado caso de amor”. Essa narrativa reúne um enredo envolvente e uma proposta importante: alertar as crianças que se iniciam na leitura para a urgência da preservação do meio-ambiente e a importância do respeito à natureza numa história de ficção que não resvala para o didatismo disfarçado ou para o texto piegas
650 ## - ASSUNTO--TERMO TÓPICO
Cabeçalho tópico ou nome geográfico Literatura Brasileira
9 (RLIN) 205
650 ## - ASSUNTO--TERMO TÓPICO
Cabeçalho tópico ou nome geográfico Infantojuvenil
9 (RLIN) 200
650 ## - ASSUNTO--TERMO TÓPICO
Cabeçalho tópico ou nome geográfico Aventura
9 (RLIN) 47
655 #0 - TERMO DE ÍNDICE--GÊNERO E FORMA
Gênero/forma/ou termo foco Romance
655 #0 - TERMO DE ÍNDICE--GÊNERO E FORMA
Gênero/forma/ou termo foco Ficção
830 #0 - ENTRADA SECUNDÁRIA DE SÉRIE--TÍTULO UNIFORME
Título uniforme Jabuti
Nome da parte/seção da obra Aventura)
942 ## - ELEMENTOS DE ENTRADA ADICIONADOS (KOHA)
Fonte de classificação ou esquema de arquivamento Classificação decimal de Dewey
Ocultar no OPAC Não
Tipo de material Koha Livros
990 ## - EQUIVALÊNCIAS OU REFERÊNCIAS CRUZADAS [LOCAL, CANADÁ]
Link (vínculo) para os campos 9XX Livro
Holdings
Situação do descarte Situação das perdas Fonte de classificação ou esquema de arquivamento Status danificado Não pode ser emprestado Coleção Biblioteca de origem Biblioteca atual Localização na estante Data de aquisição Fonte de aquisição Total de empréstimos Número de chamada completo Código de barras Data de último acesso Data do preço efetivo Tipo de material Koha
    Classificação decimal de Dewey     Ficção Biblioteca Professor Eduardo Afonso de Castro Biblioteca Professor Eduardo Afonso de Castro Infanto Juvenil 02.09.2025 doação   028.5 / A994l 2025-17411 02.09.2025 02.09.2025 Livros

Powered by Koha